000 00835cam a22002412 4500
001 0000001601
005 20151021151053.0
008 070319s xx 000 0 eng d
020 _a9966251138 :
_cKES 1,200
040 _aKABU
_cKABU
050 0 _aHC800
_b.R63 2001
100 1 _aRodney, Walter.
_@0000098029
245 1 0 _aHow Europe underdeveloped Africa /
_cby Walter Rodney; with a postscript by A. M. Babu.
250 _aRev. ed.
260 _aNairobi :
_bEast African Educational Publishers,
_c2001.
300 _axxiv, 312 p.
651 0 _aAfrica
_xEconomic conditions.
_@0000150453
651 0 _aEurope
_xColonies.
_zAfrica--Economic policy.
_@0000150479
651 0 _aAfrica
_xColonial influnce.
_@0000150480
852 1 _9p1600 KES
908 _a070319
950 _@1
999 _c345
_d345